000 00526nam a2200205Ia 4500
001 863
003 GE_BSU
008 181216s||||||||xx |||||||||||||| ||und||
040 _cGE_BSU
080 _a94(560)
100 _aГаспарян, М.А.; Орешкова,С.Ф; Петросян.Ю.А;
245 _aОчерки истории Турции.
260 _aМосква,
260 _bНаука
260 _c1988
300 _a294 с.
541 _h7 л.
653 _aИстории Турции
942 _cBK
999 _c35024
_d35024